Star Academy - Candidats de la saison 12 (2024-25) par image - Statistiques

Statistiques générales
  • Ce quiz a été pris 753 fois
  • Le résultat moyen est 14 sur 15
Statistiques - réponses
Par images Réponse % Correct
Ebony
100%
Emma
99%
Marguerite
99%
Marine
98%
Ulysse
98%
Charles
97%
Franck
97%
Masséo
97%
Noah
96%
Julie
95%
Maïa
95%
Paul
95%
Maureen
93%
Thomas
92%
Maylis
84%
Aucun quiz correspondant
Distribution des résultats
% des personnes avec chaque résultat
Percentile par nombre de réponses
Votre historique - résultats
Vous n’avez pas pris ce quiz